10 प्रैक्टिस सेट्स CDS सम्मिलित रक्षा सेवा पूर्णतया नवीनतम् पाठ्यक्रम पर आधरित सॉलव्ड पेपस 2019 (Record no. 63074)
[ view plain ]
| 000 -LEADER | |
|---|---|
| fixed length control field | 00461nam a22000977a 4500 |
| 082 ## - DEWEY DECIMAL CLASSIFICATION NUMBER | |
| Classification number | 355 |
| 100 ## - MAIN ENTRY--AUTHOR NAME | |
| Personal name | Guider |
| 245 ## - TITLE STATEMENT | |
| Title | 10 प्रैक्टिस सेट्स CDS सम्मिलित रक्षा सेवा पूर्णतया नवीनतम् पाठ्यक्रम पर आधरित सॉलव्ड पेपस 2019 |
| 260 ## - PUBLICATION, DISTRIBUTION, ETC. (IMPRINT) | |
| Place of publication | नई दिल्ली |
| Name of publisher | Guider Competitive Group |
| Year of publication | 2020 |
| 942 ## - ADDED ENTRY ELEMENTS (KOHA) | |
| Koha item type | Books |
| Withdrawn status | Lost status | Damaged status | Not for loan | Home library | Current library | Date acquired | Cost, normal purchase price | Full call number | Accession Number | Price effective from | Koha item type |
|---|---|---|---|---|---|---|---|---|---|---|---|
| MACL | MACL | 02/09/2020 | 289.00 | 355 | GCLC00761 | 02/09/2020 | Books | ||||
| MACL | MACL | 02/09/2020 | 289.00 | 355 | GCLC00762 | 02/09/2020 | Books |









